[Event "Detroit (MOR/7/56)"]
[Site "?"]
[Date "1992.??.??"]
[Round "?"]
[White "Moore, Robert"]
[Black "Rosenberg, Steve"]
[Result "1-0"]
[WhiteElo "1765"]
[BlackElo "1745"]
[PlyCount "95"]
[EventDate "1992.??.??"]

{7/(56)} 1. e4 Nf6 2. e5 Nd5 3. c4 Nb6 4. d4 d6 5. f4 dxe5 6. fxe5 c5 7. dxc5
Qxd1+ 8. Kxd1 N6d7 9. Nf3 Nxc5 10. Nc3 e6 11. b4 Nca6 12. a3 Be7 13. Kc2 O-O
14. Be3 b6 15. Bd3 Bb7 16. Rhf1 Rd8 17. Rad1 Nd7 18. Bg5 Bxf3 19. Bxe7 Bxd1+
20. Rxd1 Re8 21. Be4 Rac8 22. Rxd7 Rc7 23. Rxc7 Nxc7 24. Bd6 Na6 25. Nb5 f5 26.
Bb7 Nb8 27. Nc7 Rd8 28. Nxe6 Rd7 29. Bd5 Kh8 30. Bxb8 b5 31. Kc3 bxc4 32. Kxc4
Re7 33. Ng5 h6 34. Nf7+ Kh7 35. Bd6 Re8 36. e6 a5 37. e7 axb4 38. axb4 f4 39.
Bc6 f3 40. gxf3 g5 41. Bxe8 g4 42. fxg4 h5 43. gxh5 Kg7 44. Bc6 Kf6 45. e8=Q
Kf5 46. Qe5+ Kg4 47. Qg3+ Kxh5 48. Qg5# 1-0

[Event "Detroit (MOR/3/97)"]
[Site "?"]
[Date "1992.??.??"]
[Round "?"]
[White "Moore, Robert"]
[Black "Gaiefsky, S."]
[Result "1-0"]
[WhiteElo "1765"]
[BlackElo "1605"]
[PlyCount "143"]
[EventDate "1992.??.??"]

{3/(97)} 1. e4 c5 2. Nf3 d6 3. d4 cxd4 4. Nxd4 Nf6 5. Nc3 g6 6. Bc4 Bg7 7. Be3
O-O 8. h3 Nbd7 9. Qd2 Ne5 10. Bb3 a6 11. f4 Nc6 12. O-O-O Qa5 13. Nxc6 bxc6 14.
g4 Bb7 15. Qf2 c5 16. Bd2 Qc7 17. Rhe1 e5 18. Bc4 Rab8 19. b3 Nd7 20. f5 Nf6
21. Qh4 d5 22. Nxd5 Nxd5 23. exd5 Qd6 24. Bh6 gxf5 25. Bxg7 Kxg7 26. gxf5 f6
27. Rg1+ Kh8 28. Be2 a5 29. Bh5 Qd7 30. Bg6 Ba6 31. c4 Rb7 32. Rg3 a4 33. Rf1
axb3 34. axb3 Qd6 35. Bh5 Rg8 36. Rxg8+ Kxg8 37. Rg1+ Kh8 38. Qg3 Qf8 39. Bd1
Qh6+ 40. Kc2 Rg7 41. Qxg7+ Qxg7 42. Rxg7 Kxg7 43. Kc3 Bc8 44. Bg4 Kf8 45. b4
cxb4+ 46. Kxb4 Ke8 47. c5 Kd7 48. Kc4 Kc7 49. d6+ Kd7 50. Bf3 Ba6+ 51. Kc3 h6
52. h4 Bb5 53. Be4 Ba4 54. Bd5 Bc6 55. Bxc6+ Kxc6 56. Kc4 h5 57. Kc3 Kd7 58.
Kd3 Kc6 59. Ke4 Kd7 60. Kd5 Ke8 61. c6 Kd8 62. Ke6 e4 63. c7+ Kc8 64. d7+ Kxc7
65. Ke7 e3 66. d8=Q+ Kb7 67. Qd3 e2 68. Qxe2 Kc6 69. Qc4+ Kb6 70. Kd7 Ka5 71.
Qb3 Ka6 72. Kc6 1-0

[Event "Ann Arbor (HVA/1/13)"]
[Site "?"]
[Date "1992.??.??"]
[Round "?"]
[White "Moore, Deane"]
[Black "Kosanovich, M."]
[Result "0-1"]
[WhiteElo "1605"]
[BlackElo "1795"]
[PlyCount "56"]
[EventDate "1992.??.??"]

{1/(13)} 1. e4 c5 2. Nc3 Nc6 3. Nf3 Nf6 4. Bc4 e6 5. e5 Ng4 6. d4 cxd4 7. Nxd4
Ngxe5 8. Bb3 d5 9. a3 Be7 10. O-O Bf6 11. Nf3 O-O 12. Bf4 Nxf3+ 13. Qxf3 e5 14.
Bd2 e4 15. Qd1 Be6 16. Bf4 Bxc3 17. bxc3 Qf6 18. Qd2 Rad8 19. Qe3 Rd7 20. Ba4
h6 21. Rfd1 Rfd8 22. h3 g5 23. Bh2 a6 24. Bb3 d4 25. cxd4 Rxd4 26. Bxe6 Rxd1+
27. Qe1 Rxe1+ 28. Rxe1 Qxe6 0-1

[Event "Ann Arbor (HVA/5/15)"]
[Site "?"]
[Date "1992.??.??"]
[Round "?"]
[White "Moore, Deane"]
[Black "Ejsmont, M."]
[Result "1-0"]
[WhiteElo "1605"]
[BlackElo "1605"]
[PlyCount "86"]
[EventDate "1992.??.??"]

{5/(15)} 1. e4 c6 2. Nc3 d5 3. d4 dxe4 4. Nxe4 Nd7 5. Nc3 Ngf6 6. Nf3 g6 7. Bc4
Bg7 8. O-O O-O 9. Re1 Ne8 10. Bg5 Bf6 11. Bxf6 Ndxf6 12. Ne4 Bg4 13. c3 Qc7 14.
b4 b5 15. Bb3 h6 16. Qe2 Nd6 17. Nxd6 exd6 18. Qe7 Qxe7 19. Rxe7 Bxf3 20. gxf3
Nd5 21. Bxd5 cxd5 22. Rd7 Rfe8 23. Rxd6 Rad8 24. Rxd8 Rxd8 25. a4 a6 26. axb5
axb5 27. Re1 g5 28. Re7 Kf8 29. Rb7 Rc8 30. Rxb5 Rd8 31. Kg2 h5 32. Kg3 Kg7 33.
f4 h4+ 34. Kg4 Kg6 35. fxg5 f5+ 36. gxf6 Kxf6 37. Kxh4 Kf5 38. Kg3 Ke4 39. f3+
Kd3 40. Rc5 Rg8+ 41. Kf2 Re8 42. h4 Re2+ 43. Kg3 Kc2 1-0

[Event "Detroit (Pan Am/1)"]
[Site "?"]
[Date "1992.??.??"]
[Round "?"]
[White "Moore, Deane"]
[Black "Collins, Charles"]
[Result "0-1"]
[WhiteElo "1605"]
[BlackElo "1760"]
[PlyCount "62"]
[EventDate "1992.??.??"]

1. e4 Nf6 2. Nc3 d6 3. h3 g6 4. Nf3 Bg7 5. d4 c6 6. Bd3 Qc7 7. Qe2 e5 8. Be3
Nbd7 9. dxe5 dxe5 10. O-O Nh5 11. Rad1 O-O 12. Bc4 Nf4 13. Qd2 Nb6 14. Bb3 Bd7
15. Bxb6 Qxb6 16. Qxd7 Rad8 17. Qe7 Rde8 18. Bxf7+ Rxf7 19. Qxe8+ Rf8 20. Qe7
Bf6 21. Qa3 Qc7 22. Qxa7 Qc8 23. Kh2 g5 24. g4 h5 25. Rg1 Rf7 26. Rg3 Rh7 27.
Rdg1 hxg4 28. Nxg5 Bxg5 29. Qe3 Nxh3 30. Rxg4 Nf4+ 31. Kg3 Rh3# 0-1

[Event "Detroit (Pan Am/4)"]
[Site "?"]
[Date "1992.??.??"]
[Round "?"]
[White "Moore, Deane"]
[Black "Clark, M."]
[Result "1-0"]
[WhiteElo "1605"]
[BlackElo "1605"]
[PlyCount "69"]
[EventDate "1992.??.??"]

1. e4 c5 2. Nc3 Nc6 3. Bc4 e6 4. Nf3 Nf6 5. h3 Bd6 6. d3 Bc7 7. Bg5 h6 8. Bh4
g5 9. Bg3 Bxg3 10. fxg3 Qc7 11. Ne2 Nh5 12. g4 Ng3 13. Rg1 Nxe2 14. Qxe2 d6 15.
O-O-O Bd7 16. a3 b6 17. Ba6 Nb8 18. Bc4 Nc6 19. d4 O-O-O 20. d5 Nb8 21. e5 exd5
22. exd6 Qxd6 23. Bxd5 Qf4+ 24. Kb1 Rhe8 25. Qc4 Qxc4 26. Bxc4 f5 27. gxf5 Bxf5
28. Bb5 Rxd1+ 29. Rxd1 Re2 30. Bxe2 Nc6 31. Bd3 Be6 32. g4 Bd5 33. Bf5+ Kb7 34.
Rxd5 Ne7 35. Rd7+ 1-0

[Event "Detroit (MI Op/6/31)"]
[Site "?"]
[Date "1992.??.??"]
[Round "?"]
[White "Moody, David"]
[Black "Turner, Darrell"]
[Result "0-1"]
[WhiteElo "2000"]
[BlackElo "1800"]
[PlyCount "118"]
[EventDate "1992.??.??"]

{6/(31)} 1. e4 d6 2. d4 Nf6 3. Nc3 g6 4. f4 Bg7 5. Nf3 c5 6. d5 O-O 7. Be2 b5
8. e5 dxe5 9. fxe5 Ng4 10. Bf4 Nd7 11. Bxb5 Ndxe5 12. h3 Nxf3+ 13. Qxf3 Ne5 14.
Qg3 a6 15. Ba4 f6 16. O-O-O Qb6 17. Bxe5 fxe5 18. Bb3 Rb8 19. d6+ e6 20. Qg4
Bd7 21. Bxe6+ Kh8 22. b3 Rf4 23. Nd5 Rxg4 24. Nxb6 Bxe6 25. hxg4 Bxg4 26. Rd2
h5 27. Kb1 e4 28. d7 Rd8 29. Rd5 Bd4 30. Rg5 Kg7 31. c3 Bf2 32. Rf1 e3 33. Re5
Bf5+ 34. Kb2 Kf7 35. Nc4 Rxd7 36. Nxe3 Rd2+ 37. Ka3 Bxe3 38. Rxe3 Rxg2 39. Re5
Kf6 40. Rxc5 h4 41. Rc6+ Kg5 42. Rxa6 h3 43. Ra8 Rg3 44. Kb4 Be4 45. Rh8 Bg2
46. Rg1 Rg4+ 47. c4 Rh4 48. Rf8 Kg4 49. c5 Kg3+ 50. Kb5 h2 51. Rc1 h1=Q 52.
Rxh1 Rxh1 53. c6 Rc1 54. Rf6 g5 55. Kb6 g4 56. c7 Kh2 57. Rh6+ Bh3 58. Rc6
Rxc6+ 59. Kxc6 g3 0-1

[Event "Detroit (MI Op/2/37)"]
[Site "?"]
[Date "1992.??.??"]
[Round "?"]
[White "Moody, David"]
[Black "Steen, Harold"]
[Result "1-0"]
[WhiteElo "2000"]
[BlackElo "1800"]
[PlyCount "55"]
[EventDate "1992.??.??"]

{2/(37)} 1. e4 d6 2. d4 Nf6 3. Nc3 g6 4. f4 Bg7 5. Nf3 O-O 6. e5 dxe5 7. fxe5
Nd5 8. Bc4 Nb6 9. Bb3 Nc6 10. Be3 Na5 11. Qd2 Nbc4 12. Qe2 Nxe3 13. Qxe3 Nxb3
14. axb3 Bf5 15. O-O-O c6 16. Ng5 h6 17. Nge4 Qc7 18. h3 Rad8 19. g4 Be6 20.
Rdg1 b6 21. h4 Qd7 22. Ne2 Bxg4 23. h5 Bxe2 24. hxg6 Bg4 25. Rxh6 f6 26. Rgh1
Qxd4 27. Rh8+ Bxh8 28. Rxh8+ 1-0

[Event "Detroit (MI Op/4/13)"]
[Site "?"]
[Date "1992.??.??"]
[Round "?"]
[White "Moody, David"]
[Black "Hahn, David"]
[Result "0-1"]
[WhiteElo "2000"]
[BlackElo "2225"]
[PlyCount "62"]
[EventDate "1992.??.??"]

{4/(13)} 1. b4 e5 2. Bb2 Bxb4 3. Bxe5 Nf6 4. Nf3 O-O 5. e3 d5 6. Be2 Nbd7 7.
Bb2 Bd6 8. c4 Re8 9. O-O dxc4 10. Bxc4 Nb6 11. Bb3 Bg4 12. Na3 c6 13. Nc4 Nxc4
14. Bxc4 Ne4 15. Qb3 Bxf3 16. Bxf7+ Kh8 17. gxf3 Qh4 18. f4 Qg4+ 19. Kh1 Qf3+
20. Kg1 Ng5 21. fxg5 Qg4+ 22. Kh1 Qf3+ 23. Kg1 Re4 24. Rfe1 Rg4+ 25. Kf1 Rg2
26. Re2 Rxh2 27. Bxg7+ Kxg7 28. Qc3+ Kxf7 29. Qf6+ Qxf6 30. gxf6 Rh1+ 31. Kg2
Rxa1 0-1

[Event "Detroit (MOR/4/61)"]
[Site "?"]
[Date "1992.??.??"]
[Round "?"]
[White "Mohammed, A."]
[Black "Nicolli, Randy"]
[Result "1-0"]
[WhiteElo "1775"]
[BlackElo "1605"]
[PlyCount "153"]
[EventDate "1992.??.??"]

{4/(61)} 1. d4 f5 2. Bg5 h6 3. Bf4 e6 4. e4 Qf6 5. Be2 d6 6. e5 Qf7 7. Nc3 d5
8. Nb5 a6 9. Bh5 g6 10. Bxg6 Qxg6 11. Nxc7+ Kf7 12. Nxa8 Bd7 13. Nc7 Bb4+ 14.
c3 Ba5 15. Nxd5 exd5 16. Qf3 Ne7 17. Ne2 Be6 18. Bg3 Bd7 19. h3 Bb5 20. Nf4 Qc6
21. Qh5+ Kg7 22. Rc1 Rf8 23. Bh4 Bd8 24. e6 Qd6 25. g3 Be8 26. Qf3 Nbc6 27. Rg1
Ba5 28. Qe3 Ng6 29. Nh5+ Kh7 30. Bf6 Rg8 31. Kd2 Nce7 32. Rce1 Nf8 33. Be5 Qxe6
34. Nf6+ Kg6 35. Qf3 Kf7 36. g4 Nfg6 37. gxf5 Nxf5 38. Nxg8 Kxg8 39. Bc7 Nfh4
40. Qg3 Qf6 41. Rxe8+ Kf7 42. Bxa5 Nf3+ 43. Kc1 Nxg1 44. Qxg1 Kxe8 45. Qg3 Qf4+
46. Kc2 Qf5+ 47. Kb3 Ne7 48. Qb8+ Qc8 49. Qxc8+ Nxc8 50. Bc7 Kd7 51. Bf4 h5 52.
c4 Kc6 53. c5 Ne7 54. Kc3 Nf5 55. b4 b5 56. Bg5 Kd7 57. Bf6 Ke6 58. Be5 Ne7 59.
a3 Nc6 60. Bc7 Kf5 61. Kd3 Ke6 62. f4 Kf5 63. Ke3 Ke6 64. Be5 Kf5 65. Kf3 h4
66. Bg7 Kg6 67. Bh8 Kf5 68. Be5 Ne7 69. Bg7 Kg6 70. Bf8 Nc6 71. Kg4 Nxd4 72.
Kxh4 Nc6 73. Kg4 d4 74. Kf3 Kf5 75. Bd6 Kg6 76. Ke4 Kf7 77. Be5 1-0

[Event "Detroit (MOR/2/54)"]
[Site "?"]
[Date "1992.??.??"]
[Round "?"]
[White "Mohammed, A."]
[Black "Evans, D."]
[Result "0-1"]
[WhiteElo "1775"]
[BlackElo "1605"]
[PlyCount "86"]
[EventDate "1992.??.??"]

{2/(54)} 1. d4 d5 2. Nf3 e6 3. c3 c5 4. Bg5 Nf6 5. e3 Bd6 6. Bd3 Nbd7 7. Nbd2
h6 8. Bh4 O-O 9. e4 dxe4 10. Nxe4 Be7 11. Qe2 Nxe4 12. Qxe4 g6 13. Bxe7 Qxe7
14. h4 Nf6 15. Qf4 Kg7 16. h5 Nd5 17. Qe4 Nf6 18. Qe5 cxd4 19. hxg6 fxg6 20.
Rxh6 Kxh6 21. Qg5+ Kg7 22. Qxg6+ Kh8 23. O-O-O Qg7 24. Rh1+ Kg8 25. Ne5 Qxg6
26. Nxg6 Kg7 27. f3 dxc3 28. bxc3 Bd7 29. Nxf8 Rxf8 30. g4 Rh8 31. Re1 b5 32.
Re5 Nd5 33. c4 bxc4 34. Be4 Kf6 35. f4 Nxf4 36. Ra5 a6 37. g5+ Kg7 38. Rxa6
Nd3+ 39. Kd2 Nc5 40. Ra7 Nxe4+ 41. Ke3 Nc5 42. Kd4 Rc8 43. Ra5 c3 0-1

[Event "Detroit (MOR/6/67)"]
[Site "?"]
[Date "1992.??.??"]
[Round "?"]
[White "Moceri, Paul"]
[Black "Wright, Walter"]
[Result "1-0"]
[WhiteElo "1700"]
[BlackElo "1605"]
[PlyCount "55"]
[EventDate "1992.??.??"]

{6/(67)} 1. e4 d6 2. f4 e6 3. d4 Nd7 4. Nf3 Ngf6 5. e5 Ne4 6. Bd3 d5 7. O-O c5
8. Ng5 Nxg5 9. fxg5 c4 10. Qh5 g6 11. Qf3 Qe7 12. Be2 Bg7 13. Nc3 a6 14. b3
Bxe5 15. dxe5 Nxe5 16. Qg3 Qc5+ 17. Be3 d4 18. Ne4 Qc6 19. Nf6+ Ke7 20. Bxd4 h5
21. Bxe5 h4 22. Qf4 cxb3 23. Qb4+ Kd8 24. Rfd1+ Bd7 25. Rxd7+ Kc8 26. Bf3 bxc2
27. Qxb7+ Qxb7 28. Bxb7# 1-0

[Event "Detroit (MOR/3/65)"]
[Site "?"]
[Date "1992.??.??"]
[Round "?"]
[White "Moceri, Paul"]
[Black "Vemuri, Ramana"]
[Result "0-1"]
[WhiteElo "1700"]
[BlackElo "1605"]
[PlyCount "78"]
[EventDate "1992.??.??"]

{3/(65)} 1. e4 c6 2. d4 d5 3. e5 Bf5 4. g4 Bg6 5. e6 fxe6 6. g5 Nd7 7. Nf3 Be4
8. Bd3 Bxd3 9. Qxd3 g6 10. Bf4 Bg7 11. Nc3 e5 12. dxe5 e6 13. O-O-O Qe7 14.
Rde1 Qf7 15. Bg3 Ne7 16. Nd4 O-O-O 17. Ncb5 cxb5 18. Nxb5 Kb8 19. Qa3 Nc8 20.
Re3 Ndb6 21. Rc3 Bf8 22. Qa5 Rd7 23. Nxa7 Nc4 24. Rxc4 dxc4 25. Nxc8 Kxc8 26.
Qa8+ Kc7 27. Qa5+ Kb8 28. f4 Rd5 29. Qa4 Bc5 30. Qxc4 Be3+ 31. Kb1 Rc8 32. Qe4
Qc7 33. a3 Ba7 34. Qa4 Rd4 35. Qb3 Qc6 36. Bf2 Qxh1+ 37. Ka2 Rdc4 38. Bxa7+
Kxa7 39. Qe3+ Kb8 0-1

[Event "Flint (Class B/1)"]
[Site "?"]
[Date "1992.??.??"]
[Round "?"]
[White "Moceri, Paul"]
[Black "Swartz, J."]
[Result "1-0"]
[WhiteElo "1690"]
[BlackElo "1605"]
[PlyCount "49"]
[EventDate "1992.??.??"]

1. e4 e5 2. Nf3 Nc6 3. Bc4 Nf6 4. Ng5 d5 5. exd5 Nxd5 6. Nxf7 Kxf7 7. Qf3+ Ke6
8. Nc3 Ncb4 9. a3 Nxc2+ 10. Kd1 c6 11. Kxc2 h5 12. Re1 b5 13. Bb3 Be7 14. d4
Bf6 15. dxe5 Be7 16. Qh3+ Kf7 17. e6+ Kf8 18. Nxd5 cxd5 19. Qf3+ Kg8 20. Qf7+
Kh7 21. Qxh5+ Kg8 22. Qf7+ Kh7 23. Kb1 Rf8 24. Bc2+ Kh8 25. Qh5+ 1-0

[Event "Detroit (MOR/5/75)"]
[Site "?"]
[Date "1992.??.??"]
[Round "?"]
[White "Moceri, Paul"]
[Black "Shields, B."]
[Result "1-0"]
[WhiteElo "1700"]
[BlackElo "1605"]
[PlyCount "43"]
[EventDate "1992.??.??"]

{5/(75)} 1. e4 c5 2. Bc4 e6 3. c3 d5 4. exd5 exd5 5. Bb5+ Bd7 6. Bxd7+ Nxd7 7.
d4 Ngf6 8. Nf3 Be7 9. Bf4 O-O 10. O-O Re8 11. Be5 Qb6 12. Qc2 Nxe5 13. dxe5 Ne4
14. Nbd2 Ng5 15. Nxg5 Bxg5 16. f4 c4+ 17. Kh1 Be7 18. Rf3 Qh6 19. Rh3 Qg6 20.
f5 Qb6 21. f6 gxf6 22. Qxh7+ 1-0

[Event "Flint (Class B/4)"]
[Site "?"]
[Date "1992.??.??"]
[Round "?"]
[White "Moceri, Paul"]
[Black "Jordan, Willie"]
[Result "0-1"]
[WhiteElo "1690"]
[BlackElo "1675"]
[PlyCount "114"]
[EventDate "1992.??.??"]

1. e4 Nf6 2. Nc3 e5 3. f4 d6 4. f5 d5 5. d3 Bb4 6. Bd2 O-O 7. Nxd5 Bxd2+ 8.
Qxd2 Nxd5 9. exd5 Qxd5 10. Nf3 Bxf5 11. Be2 Nc6 12. O-O e4 13. dxe4 Qc5+ 14.
Kh1 Bxe4 15. Bd3 Rad8 16. Qf4 Bxd3 17. cxd3 Rd7 18. Qc4 Qf5 19. Qe4 Qxe4 20.
dxe4 Re7 21. Rfe1 Rfe8 22. Nd2 f5 23. e5 Rxe5 24. Rxe5 Rxe5 25. Kg1 Re2 26. Rd1
Nd4 27. Kf1 c5 28. b4 b6 29. a4 Re7 30. bxc5 bxc5 31. Rb1 Kf7 32. Nc4 Kf6 33.
a5 Nc6 34. Rb5 Nb4 35. Rxc5 Nd3 36. Rc6+ Kg5 37. h4+ Kxh4 38. Kg1 Kg3 39. Nd2
Kg4 40. Nf3 Kg3 41. Nd2 Kg4 42. Nf3 Ne1 43. Nxe1 Rxe1+ 44. Kf2 Re7 45. Rc4+ f4
46. a6 g5 47. Rb4 h5 48. Rb7 Re3 49. Rxa7 Ra3 50. Ra8 Ra2+ 51. Kf1 Kg3 52. Rg8
g4 53. Rg6 Ra1+ 54. Ke2 Kxg2 55. Kd3 f3 56. Rb6 f2 57. Rb2 Kg1 0-1

[Event "Jackson (Prison m)"]
[Site "?"]
[Date "1992.??.??"]
[Round "?"]
[White "Moceri, Paul"]
[Black "B, Mark"]
[Result "0-1"]
[WhiteElo "1700"]
[BlackElo "1605"]
[PlyCount "70"]
[EventDate "1992.??.??"]

1. e4 e5 2. Nf3 Nc6 3. Bc4 Nf6 4. Ng5 d5 5. exd5 Nxd5 6. Nxf7 Kxf7 7. Qf3+ Qf6
8. Bxd5+ Be6 9. Bxc6 bxc6 10. Qxc6 Bd6 11. Nc3 Rhc8 12. d3 Kg8 13. Ne4 Qf8 14.
O-O Re8 15. Nxd6 cxd6 16. Qe4 Rac8 17. c4 Qf6 18. f4 Bf5 19. Qf3 Qg6 20. fxe5
Bxd3 21. Qd5+ Kh8 22. Rd1 Be4 23. Qd2 dxe5 24. Qg5 Qc6 25. b3 h6 26. Qg3 Re6
27. Rd2 Rg6 28. Qh3 Rf8 29. Bb2 Rf3 30. g3 Qc5+ 31. Bd4 exd4 32. Rf2 Rxf2 33.
Kxf2 d3+ 34. Ke1 Qe3+ 35. Kf1 Rf6+ 0-1

[Event "Detroit (MI Op/6/28)"]
[Site "?"]
[Date "1992.??.??"]
[Round "?"]
[White "Mitchell, Richard"]
[Black "Robbins, Fred"]
[Result "1/2-1/2"]
[WhiteElo "2010"]
[BlackElo "1870"]
[PlyCount "45"]
[EventDate "1992.??.??"]

{6/(28)} 1. Nf3 Nf6 2. g3 g6 3. Bg2 Bg7 4. O-O O-O 5. d3 d6 6. e4 Nbd7 7. Nbd2
c6 8. a4 Ne8 9. c3 Nc7 10. Nh4 Nc5 11. Qc2 e5 12. b4 N5e6 13. Bb2 Ng5 14. Nhf3
Nce6 15. d4 Nxf3+ 16. Nxf3 Ng5 17. dxe5 Nxf3+ 18. Bxf3 dxe5 19. Rad1 Qc7 20.
Kg2 Be6 21. h3 Rad8 22. Bg4 Qe7 23. Bxe6 1/2-1/2

[Event "Detroit (MI Op/5/37)"]
[Site "?"]
[Date "1992.??.??"]
[Round "?"]
[White "Mitchell, Richard"]
[Black "Marinelli, Philip"]
[Result "1-0"]
[WhiteElo "2010"]
[BlackElo "1725"]
[PlyCount "108"]
[EventDate "1992.??.??"]

{5/(37)} 1. Nf3 d6 2. d3 e5 3. g3 f5 4. Bg2 Be7 5. O-O Nf6 6. c3 Nc6 7. Qb3 Na5
8. Qa4+ c6 9. b4 b5 10. Qc2 Nb7 11. a4 Qc7 12. axb5 cxb5 13. Qb3 d5 14. Bg5 Be6
15. Bxf6 Bxf6 16. e4 fxe4 17. dxe4 Qc4 18. Qxc4 dxc4 19. Ra6 Ke7 20. Na3 Nd6
21. Rd1 Rhd8 22. Ne1 Bc8 23. Ra5 a6 24. Nac2 Bb7 25. f3 g5 26. Ne3 h5 27. g4
hxg4 28. Nxg4 Nf7 29. Raa1 Bg7 30. Nc2 Nh8 31. Nce3 Bf6 32. Nf5+ Ke6 33. Nfe3
Ng6 34. Bh3 Nf4 35. Nf2+ Kf7 36. Bf1 Bc6 37. Rxd8 Bxd8 38. Rd1 Bb6 39. Neg4 Ke6
40. Rd2 a5 41. Nh6 axb4 42. cxb4 Ra1 43. Nf5 Nd3 44. Kg2 Nxb4 45. Rd6+ Kf7 46.
Ng4 c3 47. Nxe5+ Ke8 48. Nxc6 Nxc6 49. Rxc6 Ba5 50. Bxb5 Kd8 51. e5 Re1 52. e6
Bb4 53. Ba6 Rxe6 54. Rxe6 c2 1-0

[Event "Detroit (MI Op/2/35)"]
[Site "?"]
[Date "1992.??.??"]
[Round "?"]
[White "Mitchell, Richard"]
[Black "June, Brian"]
[Result "0-1"]
[WhiteElo "2010"]
[BlackElo "1820"]
[PlyCount "77"]
[EventDate "1992.??.??"]

{2/(35)} 1. Nf3 c5 2. g3 Nc6 3. Bg2 d5 4. O-O Nf6 5. d3 Bf5 6. Nbd2 e6 7. c3 h6
8. Qe1 Be7 9. e4 dxe4 10. dxe4 Bg6 11. Qe2 e5 12. Ne1 O-O 13. Nc2 Qc7 14. Ne3
Bh5 15. g4 Bg6 16. Nf5 Rfd8 17. Nc4 Rd7 18. f4 b5 19. Nxe7+ Rxe7 20. f5 Bxf5
21. Rxf5 bxc4 22. g5 hxg5 23. Bxg5 Re6 24. Raf1 Qd6 25. Bxf6 Rxf6 26. Rxf6 gxf6
27. Qg4+ Kf8 28. Rd1 Qe6 29. Qh4 Rd8 30. Qh6+ Ke7 31. Rd5 Qg4 32. Qd2 f5 33.
exf5 Qxf5 34. Rxd8 Nxd8 35. Qe2 Qe6 36. Qe3 Qd6 37. Bf1 Ne6 38. Bxc4 Nf4 39.
Qf2 0-1

[Event "Detroit (MOR/1a/49)"]
[Site "?"]
[Date "1992.??.??"]
[Round "?"]
[White "Mitchell, Dave"]
[Black "Whitley, D."]
[Result "0-1"]
[WhiteElo "1605"]
[BlackElo "1615"]
[PlyCount "40"]
[EventDate "1992.??.??"]

1. d4 d5 2. Nf3 Nf6 3. Bg5 e6 4. Nbd2 Be7 5. e3 Nbd7 6. Bd3 c5 7. c3 h6 8. Bh4
O-O 9. O-O b6 10. Re1 Re8 11. e4 dxe4 12. Nxe4 Bb7 13. Bxf6 Bxf6 14. Nxf6+ Qxf6
15. Bb5 Bxf3 16. Qxf3 Qxf3 17. gxf3 Red8 18. dxc5 Nxc5 19. Rad1 Kf8 20. Re2
Rxd1+ 0-1

[Event "Lansing (Aug)"]
[Site "?"]
[Date "1992.??.??"]
[Round "?"]
[White "Mitchell, Dave"]
[Black "Waters, T."]
[Result "0-1"]
[WhiteElo "1605"]
[BlackElo "1605"]
[PlyCount "50"]
[EventDate "1992.??.??"]

1. d4 Nf6 2. Nf3 g6 3. Bg5 Bg7 4. e3 d6 5. Be2 O-O 6. Nbd2 Nc6 7. c3 Re8 8. Nc4
Ne4 9. Bh4 Bf5 10. Qb3 b6 11. O-O Qd7 12. Ncd2 d5 13. Bb5 a6 14. Bd3 Nxd2 15.
Nxd2 Bxd3 16. Rfe1 e5 17. Qd1 e4 18. Nb3 Ne7 19. f3 h6 20. fxe4 Bxe4 21. Nd2
Nf5 22. Bf2 Bf6 23. Qg4 Re7 24. Rf1 Rae8 25. Rae1 Bd3 0-1

[Event "Detroit (MOR/5/109)"]
[Site "?"]
[Date "1992.??.??"]
[Round "?"]
[White "Mitchell, Dave"]
[Black "Smith, K."]
[Result "0-1"]
[WhiteElo "1605"]
[BlackElo "1605"]
[PlyCount "50"]
[EventDate "1992.??.??"]

{5/(109)} 1. d4 d5 2. Nf3 Bf5 3. Bg5 Nc6 4. c3 Qd6 5. e3 a6 6. Nbd2 Nf6 7. Bf4
Qd7 8. Nb3 e6 9. h3 Be7 10. Bd3 Ne4 11. Qc2 b6 12. Qe2 b5 13. Rd1 f6 14. Nfd2
Nxf2 15. Kxf2 g6 16. Bxf5 gxf5 17. Qh5+ Kd8 18. Nf3 Kc8 19. Qf7 e5 20. dxe5
fxe5 21. Nxe5 Nxe5 22. Bxe5 Bh4+ 23. g3 Bxg3+ 24. Kxg3 Qxf7 25. Bxh8 Qg8+ 0-1

[Event "Detroit (MOR/3/111)"]
[Site "?"]
[Date "1992.??.??"]
[Round "?"]
[White "Mitchell, Dave"]
[Black "Smalec, Joseph"]
[Result "1-0"]
[WhiteElo "1605"]
[BlackElo "1605"]
[PlyCount "43"]
[EventDate "1992.??.??"]

{3/(111)} 1. d4 Nc6 2. Nf3 d6 3. c3 Bg4 4. Bg5 f6 5. Bh4 g5 6. Bg3 Qd7 7. Nbd2
O-O-O 8. e3 e5 9. dxe5 Nxe5 10. h3 Bf5 11. Nd4 g4 12. Bxe5 dxe5 13. Nxf5 Qxf5
14. hxg4 Qxg4 15. Qxg4+ Kb8 16. Rd1 Nh6 17. Qe6 Bg7 18. Qb3 b6 19. Ba6 Ng4 20.
Qc4 f5 21. Qc6 Rhf8 22. Qb7# 1-0

[Event "Flint (Class DE/3)"]
[Site "?"]
[Date "1992.??.??"]
[Round "?"]
[White "Mitchell, Dave"]
[Black "Pontoni, M."]
[Result "0-1"]
[WhiteElo "1605"]
[BlackElo "1605"]
[PlyCount "102"]
[EventDate "1992.??.??"]

1. d4 g6 2. c4 Bg7 3. Nf3 Nf6 4. Bg5 d6 5. Nc3 O-O 6. e3 c5 7. d5 Qa5 8. Bxf6
Bxf6 9. Qc2 Na6 10. a3 Bf5 11. Bd3 Bxd3 12. Qxd3 Nb4 13. Qd2 e5 14. Ne4 Nc2+
15. Kd1 Qxd2+ 16. Kxd2 Nxa1 17. Rxa1 Be7 18. h4 f5 19. Neg5 e4 20. Ng1 Bxg5 21.
hxg5 f4 22. exf4 Rxf4 23. Ke3 Rg4 24. Nh3 Rxg2 25. Rg1 Rxg1 26. Nxg1 Rf8 27. f3
exf3 28. Nxf3 Re8+ 29. Kd3 Kg7 30. b4 b6 31. Nd2 cxb4 32. axb4 Re1 33. Ne4 a5
34. bxa5 bxa5 35. Nxd6 a4 36. Nb5 h5 37. gxh6+ Kxh6 38. d6 a3 39. Nc3 a2 40.
Nxa2 Rd1+ 41. Ke3 Rxd6 42. c5 Rc6 43. Kd4 g5 44. Nc1 g4 45. Ne2 Re6 46. Ng3 Kg5
47. Kd5 Re3 48. Ne4+ Kf4 49. c6 Rxe4 50. c7 Re8 51. Kd6 Rc8 0-1

[Event "Detroit (MOR/7/102)"]
[Site "?"]
[Date "1992.??.??"]
[Round "?"]
[White "Mitchell, Dave"]
[Black "Eggenberger, Jeffrey"]
[Result "1/2-1/2"]
[WhiteElo "1605"]
[BlackElo "1605"]
[PlyCount "116"]
[EventDate "1992.??.??"]

{7/(102)} 1. d4 d5 2. Nf3 Nd7 3. c3 c5 4. Bg5 Ngf6 5. Nbd2 e6 6. e3 Be7 7. Bd3
O-O 8. O-O c4 9. Bc2 b5 10. Ne5 Nxe5 11. dxe5 Ng4 12. Bxe7 Nxe3 13. Bxd8 Nxd1
14. Bh4 Nxb2 15. Rab1 Na4 16. Bxa4 bxa4 17. Rb4 Bd7 18. Rfb1 f6 19. Rb7 Bc6 20.
Rc7 Rac8 21. Rxc8 Rxc8 22. exf6 gxf6 23. Bxf6 Rc7 24. Rb8+ Kf7 25. Be5 Rb7 26.
Rxb7+ Bxb7 27. f4 Bc8 28. Nf3 Ke7 29. Kf2 a3 30. Nd4 Bd7 31. g4 Ba4 32. h4 Kf8
33. Kg3 Kg8 34. h5 Bb3 35. Nb5 Bxa2 36. Nxa3 a5 37. Bd4 Bb3 38. h6 Ba4 39. g5
Be8 40. Kf3 Bg6 41. Ke3 Kf7 42. Kd2 Kg8 43. Kc1 Be8 44. Kb2 Kf7 45. Nc2 Kg6 46.
Ka3 Kf5 47. Be3 Kg6 48. Ne1 Kf5 49. Nc2 Ke4 50. Nd4 Kxe3 51. Nxe6 d4 52. Nxd4
Kxf4 53. Ne6+ Kg4 54. Nf8 Kxg5 55. Nxh7+ Kxh6 56. Nf6 Bb5 57. Ne4 Bd7 58. Nd6
Be6 1/2-1/2

[Event "Flint (Class DE/2)"]
[Site "?"]
[Date "1992.??.??"]
[Round "?"]
[White "Mitchell, Dave"]
[Black "Boyer, Mike"]
[Result "1-0"]
[WhiteElo "1605"]
[BlackElo "1605"]
[PlyCount "73"]
[EventDate "1992.??.??"]

1. d4 e6 2. c4 Be7 3. Nc3 Nf6 4. Bg5 h6 5. Bh4 O-O 6. e3 b6 7. Qf3 Nc6 8. d5
Ne5 9. Qd1 Bb7 10. e4 c6 11. d6 Bxd6 12. Qxd6 Ng6 13. Bxf6 Qxf6 14. Nf3 c5 15.
Rd1 Bc6 16. Be2 Nf4 17. O-O Bxe4 18. Nxe4 Nxe2+ 19. Kh1 Qxb2 20. Rfe1 Nd4 21.
Nxd4 cxd4 22. Rd2 Qa3 23. Qxa3 d5 24. cxd5 exd5 25. Ng3 Rac8 26. Qd3 Rc4 27.
Rde2 g6 28. Ne4 Re8 29. Nf6+ Kg7 30. Nxe8+ Kh7 31. Re7 Kg8 32. h3 h5 33. Nd6
Rc6 34. Nxf7 Rf6 35. Nh6+ Kf8 36. Qxd4 Rf7 37. Qh8# 1-0

[Event "Flint (Class DE/5)"]
[Site "?"]
[Date "1992.??.??"]
[Round "?"]
[White "Mitchell, Dave"]
[Black "Barker, Kyle"]
[Result "0-1"]
[WhiteElo "1605"]
[BlackElo "1605"]
[PlyCount "96"]
[EventDate "1992.??.??"]

1. d4 d5 2. c4 Nc6 3. Nc3 Nf6 4. Nf3 Bf5 5. Bg5 h6 6. Bh4 dxc4 7. e3 Qd6 8.
Bxc4 Qb4 9. Qb3 e6 10. O-O Na5 11. Qxb4 Bxb4 12. Bb5+ c6 13. Ba4 Nc4 14. Nb5
O-O 15. Nc7 Rac8 16. Bg3 Nxb2 17. Bb3 Ba5 18. Nxe6 Bxe6 19. Bxe6 fxe6 20. Rab1
Bc3 21. Rfc1 Ne4 22. Rxc3 Nxc3 23. Rxb2 b5 24. a3 a5 25. Ne5 Rf5 26. Rc2 b4 27.
axb4 axb4 28. Ng6 Kh7 29. Ne7 Ra8 30. h3 Ra1+ 31. Kh2 Rfa5 32. Nxc6 b3 33. Rb2
R5a3 34. Na5 Rb1 35. Rxb3 Rbxb3 36. Nxb3 Rxb3 37. Be5 Ne4 38. Bg3 Nxg3 39. Kxg3
Kg6 40. Kf4 Rb5 41. g4 Kf6 42. f3 h5 43. h4 e5+ 44. dxe5+ Rxe5 45. e4 g5+ 46.
hxg5+ Rxg5 47. e5+ Rxe5 48. gxh5 Rxh5 0-1